Statistics for Groups of Countries - Flags #1

Click here to take the quiz!

General Stats

  • This quiz has been taken 1,585 times
  • The average score is 23 of 42

Answer Stats

GroupAnswer% Correct
Nordic CrossSweden
97%
Nordic CrossFinland
96%
Nordic CrossNorway
96%
Nordic CrossDenmark
95%
Nordic CrossIceland
95%
Arabic TextSaudi Arabia
89%
Two-Headed EagleAlbania
86%
Southern CrossAustralia
80%
Southern CrossNew Zealand
79%
Arabic TextIraq
77%
Square-ShapedSwitzerland
75%
Blue and YellowUkraine
75%
Arabic TextAfghanistan
72%
Yin and YangSouth Korea
71%
Adopted Since 2010South Sudan
64%
Arabic TextIran
62%
Square-ShapedVatican City
62%
CrownFiji
60%
Two-Headed EagleMontenegro
59%
Two-Headed EagleSerbia
57%
Green and WhitePakistan
53%
Southern CrossSamoa
52%
Blue and YellowPalau
48%
Southern CrossBrazil
47%
Arabic TextEgypt
47%
Adopted Since 2010Libya
47%
CrownSpain
45%
CrownLiechtenstein
44%
Green and WhiteNigeria
41%
Southern CrossPapua New Guinea
41%
Blue and YellowKazakhstan
30%
10+ ColorsMexico
29%
Yin and YangMongolia
27%
CrownSan Marino
27%
CrownCroatia
26%
10+ ColorsBelize
21%
Arabic TextBrunei
19%
Adopted Since 2010Mauritania
18%
CrownTajikistan
15%
10+ ColorsEcuador
13%
Adopted Since 2010Myanmar
12%
Adopted Since 2010Malawi
8%

Score Distribution

Percentile by Number Answered

Percent of People with Each Score

Your Score History

You have not taken this quiz